Nástroje na plošné tvárnenie

Saved in:
Bibliographic Details
Main Author: Obrcian, Jaroslav (Author)
Other Authors: Schrek, Alexander (Thesis advisor)
Format: Manuscript Book
Language:Slovak
Published: 2023
Subjects:
Online Access:http://is.stuba.sk/zp/portal_zp.pl?podrobnosti=178468
Tags: Add Tag
No Tags, Be the first to tag this record!

MARC

LEADER 00000ntm a22000003a 4500
001 stuzp94734
003 SK-STU
005 20231218111609.1
007 ta
008 150427s2015----xo-----f-mn---000-0-slo-d
040 |a STU  |b slo 
041 0 |a slo 
100 1 |a Obrcian, Jaroslav  |u 020050  |4 aut  |U SjF Strojnícka fakulta  |T SjF Ústav technológií a materiálov  |X 112041  |U J0050  |Y 803  |7 112041 
242 0 1 |a Sheets metal forming tools  |y eng 
245 1 0 |a Nástroje na plošné tvárnenie 
260 |c 2023 
650 4 |a strihanie  |2 slo 
650 4 |a ohýbanie  |2 slo 
650 4 |a ťahanie  |2 slo 
650 4 |a tvárniaci nástroj  |2 slo 
650 4 |a bending  |2 eng 
650 4 |a shearing  |2 eng 
650 4 |a drawing  |2 eng 
650 4 |a forming tool  |2 eng 
700 1 |a Schrek, Alexander  |u 020050  |k Z1  |4 ths  |U SjF Strojnícka fakulta  |T SjF Ústav technológií a materiálov  |X 2319  |U J0050  |Y 803  |7 A000002319 
856 4 |u http://is.stuba.sk/zp/portal_zp.pl?podrobnosti=178468 
996 |b 284J047320  |c J* 3540/DBP  |l JJSK  |s A  |a 24  |w stuzp94734_0001